The long march (Record no. 70202)
[ view plain ]
| 000 -LEADER | |
|---|---|
| fixed length control field | 00906cam a2200205 4500 |
| 001 - CONTROL NUMBER | |
| control field | ABS65317 |
| 008 - FIXED-LENGTH DATA ELEMENTS--GENERAL INFORMATION | |
| fixed length control field | 020508n2002 000 0 eng u |
| 035 ## - SYSTEM CONTROL NUMBER | |
| System control number | (Sirsi) u117879 |
| 100 ## - MAIN ENTRY--PERSONAL NAME | |
| Personal name | Sweet, R |
| 245 #4 - TITLE STATEMENT | |
| Title | The long march |
| 260 ## - PUBLICATION, DISTRIBUTION, ETC. | |
| Date of publication, distribution, etc. | 2002 |
| 490 ## - SERIES STATEMENT | |
| Series statement | Construction Manager |
| Volume/sequential designation | April 2002, 17-19(3) |
| 520 ## - SUMMARY, ETC. | |
| Summary, etc. | Assessment of Chinese construction industry as it develops in China's free-market economy. Consultant managers have to change/evolve to succeed. Reports on growing popularity of CIOB membership and qualification. CIOB has moved quickly to become main supplier of construction management expertise in China, applying various skills in Chinese management model, leading to international standards of competence. |
| 590 ## - LOCAL NOTE (RLIN) | |
| Local note | ABS |
| 650 ## - SUBJECT ADDED ENTRY--TOPICAL TERM | |
| Topical term or geographic name entry element | CHINA |
| 650 ## - SUBJECT ADDED ENTRY--TOPICAL TERM | |
| Topical term or geographic name entry element | CIOB |
| 650 ## - SUBJECT ADDED ENTRY--TOPICAL TERM | |
| Topical term or geographic name entry element | CHARTERED INSTITUTE OF BUILDING |
| 690 ## - LOCAL SUBJECT ADDED ENTRY--TOPICAL TERM (OCLC, RLIN) | |
| Topical term or geographic name as entry element | BUILDING AND CONSTRUCTION-MANAGEMENT |
| 942 ## - ADDED ENTRY ELEMENTS (KOHA) | |
| Suppress in OPAC | 0 |
| Withdrawn status | Lost status | Source of classification or shelving scheme | Damaged status | Not for loan | Home library | Current library | Shelving location | Date acquired | Total Checkouts | Full call number | Barcode | Date last seen | Copy number | Price effective from | Koha item type |
|---|---|---|---|---|---|---|---|---|---|---|---|---|---|---|---|
| Dewey Decimal Classification | London | London | Journal article | 08/05/2002 | ABS65317 | 117879-1001 | 06/08/2019 | 1 | 06/08/2019 | Journal article |